000 nam a22 7a 4500
999 _c10129
_d10129
008 180212b ||||| |||| 00| 0 eng d
100 _aKohdi, L
_96146
245 _aLittle touch math level -II
260 _aNew Delhi
_bGeeta Publication
_c2013